Nombre 6 - Culture générale - Statistiques

Statistiques générales
  • Ce quiz a été pris 24 764 fois
  • Le résultat moyen est 12 sur 20
Statistiques - réponses
Indice Réponse % Correct
La guitare en possède 6 Cordes
98%
Pays surnommé l'Hexagone France
96%
Sport pratiqué lors du Tournoi des 6 nations Rugby
81%
Peintre ayant réalisé la Chapelle Sixtine Michel-Ange
79%
Complétez l'expression : 3 francs 6 ____ Sous
79%
Étoile à 6 branches associée au judaïsme Étoile de David
78%
Groupe de médias français construit autour de la sixième chaîne de la TNT Groupe M6
71%
Classe d'animaux possédant 6 pattes Insectes
69%
Expression signifiant profondément enterré ou mort et donnant son nom à une série Six pieds sous terre
66%
Sport d'équipe se jouant à 6 Volley-ball
64%
Où se situe le "sixième continent" de plastique {Océan} {Pacifique}
63%
Ce qu'est un six-coups Révolver
54%
Film avec Bruce Willis tiré d'une expression synonyme d'intuition Sixième sens
51%
Service de renseignements extérieurs du Royaume-Uni pour lequel travaille James Bond notamment MI6
50%
Nom anglais désignant les muscles abdominaux usité en français Six Pack
48%
Pays opposé à 5 autres lors de la Guerre des Six Jours Israël
34%
Jeu de société dans lequel il faut éviter de prendre des Têtes de bœuf 6 qui prend !
29%
Instrument de navigation ayant la forme d'un sixième de cercle Sextant
28%
Ville de la banlieue de Toulon débutant par 6 Six-Fours-les-Plages
17%
Nom de pape utilisé à cinq reprises signifiant "le sixième" Sixte
16%
Aucun quiz correspondant
Distribution des résultats
% des personnes avec chaque résultat
Percentile par nombre de réponses
Votre historique - résultats
Vous n’avez pas pris ce quiz